La crisis latinoamericana de la deuda desde la perspectiva histórica (Registro nro. 1684)

Detalles MARC
000 -LEADER
fixed length control field 01387 a2200265 4500
001 - CONTROL NUMBER
control field 28253
005 - DATE AND TIME OF LATEST TRANSACTION
control field 20260407155555.0
008 - FIXED-LENGTH DATA ELEMENTS--GENERAL INFORMATION
fixed length control field 260407a2014 arg spa d
003 - CONTROL NUMBER IDENTIFIER
control field AR-UNSa-BCEJYS
040 ## - CATALOGING SOURCE
Original cataloging agency AR-UNSa-BCEJYS
Language of cataloging spa
Transcribing agency AR-UNSa-BCEJYS
080 ## - UNIVERSAL DECIMAL CLASSIFICATION NUMBER
Universal Decimal Classification number 336.27
Common auxiliary subdivision Préstamo público. Endeudamiento del Estado. Deuda pública
020 ## - INTERNATIONAL STANDARD BOOK NUMBER
International Standard Book Number 978-92-1-221123-7
100 1# - MAIN ENTRY--PERSONAL NAME
Personal name Ocampo, José Antonio
245 10 - TITLE STATEMENT
Title La crisis latinoamericana de la deuda desde la perspectiva histórica
264 #1 - PRODUCTION, PUBLICATION, DISTRIBUTION, MANUFACTURE, AND COPYRIGHT NOTICE
Place of production, publication, distribution, manufacture Santiago de Chile :
Name of producer, publisher, distributor, manufacturer CEPAL (Comisión Económica para América Latina y el Caribe)
Date of production, publication, distribution, manufacture, or copyright notice 2014
300 ## - PHYSICAL DESCRIPTION
Extent 168 p.
Dimensions 22 cm.
505 ## - FORMATTED CONTENTS NOTE
Formatted contents note 1. La crisis latinoamericana de la deuda a la luz de la historia - 2. La economía política de las negociaciones de la deuda: América Latina en la década de los ochenta - 3. De bonos Brady a bonos globales: el acceso de América Latina y el Caribe a los mercados internacionales desde la década de 1980 - 4. Las perspectivas de América Latina en materia de endeudamiento externo
590 ## - LOCAL NOTE (RLIN)
Local note niveau_biblio:m niveau_hierar:0
700 1# - ADDED ENTRY--PERSONAL NAME
Personal name Stallings, Bárbara
700 1# - ADDED ENTRY--PERSONAL NAME
Personal name Bustillo, Inés
700 1# - ADDED ENTRY--PERSONAL NAME
Personal name Velloso, Helvia
700 1# - ADDED ENTRY--PERSONAL NAME
Personal name Frenkel, Roberto
856 41 - ELECTRONIC LOCATION AND ACCESS
Uniform Resource Identifier <a href="https://biblioeco.unsa.edu.ar/pmb/images/libros/La crisis latinoamericana de la deuda desde la perspectiva historica-l125001.jpg">https://biblioeco.unsa.edu.ar/pmb/images/libros/La crisis latinoamericana de la deuda desde la perspectiva historica-l125001.jpg</a>
Link text Imagen de portada
Electronic format type image/jpeg
942 ## - ADDED ENTRY ELEMENTS (KOHA)
Koha item type
Existencias
Withdrawn status Lost status Damaged status Not for loan Home library Current library Shelving location Date acquired Total checkouts Full call number Barcode Date last seen Price effective from Koha item type
        Biblioteca Prof. Eusebio Cleto del Rey Biblioteca Prof. Eusebio Cleto del Rey   07/04/2026   336.27 C932 L125001 07/04/2026 07/04/2026 Libro